000 00625nam a22002057a 4500
999 _c9455
_d9455
003 AR-CdUCM
008 190328b ||||| |||| 00| 0 spa d
040 _aMUNICIPALIDAD PROVINCIAL DEL CUSCO
_cBIBLIOTECA MUNICIPAL DEL CUSCO
082 _aC / 869.56 /
_bT73A
100 _aTorres Oliva, Isaac M.
_925656
245 _aAremol /
260 _aArequipa :
_c1980.
300 _a140 páginas ;
_c21.2 cm.
500 _aProduccion Local, de la region macro sur andino.
650 _aLiteratura Arequipeña
_923979
650 _aLiteratura Peruana
_9132
650 _aMimeografia
_925657
942 _2ddc
_cLIBROS
945 _artm